1457 1285 1286 1709 1217 1664 1062 1329 1061 1649 1918 1104 1039 1020 1946 1396 1658 1285 1632 1675 1026 1240 1689 1279 1393 1483 1605 1484 1555 1733 1853 1903 1811 1455 1181 1292 1469 1297 1101 1909 1505 1805 1979 1755 1792 1034 1617 1155 1124 1870 1742 1514 1694 1369 1388 1289 1669 1002 1381 1181 1244 1818 1152 1288 1585 1583 1319 1537 1908 1808 1183 1188 1189 1500 1949 1744 1896 1054 1535 1324 1501 1445 1003 1834 1888 1206 1737 1923 1587 1497 1103 1728 1803 1046 1125 1457 1277 1447 1884 BCNSPRNW ULIB Ver.6.0+V

เปลี่ยนเป็นภาษาไทย

Change to English
 แสดงรายละเอียดบรรณานุกรม
  กลับหน้าหลัก

Brief Record : Get Marc (ISO 2709) : E-mail record : QR code < ปิดหน้าต่าง
LEADER : 00000nam 2200000uu 4500
001    13399123530
003     ULIB
008    141003s2555||||th 000 0 tha d
020    ^a9786162730177
060  4 ^aQS4^bอ334ร
100    ^aCristina vilella
245    ^aGrand atlas of human body ร่างกายมนุษย์/^cบรรณาธิการ ; Cristina vilella ,แปล ; อรพิน ยงวัฒนา
250    ^aพิมพ์ครั้งที่ 1
260    ^aกรุงเทพมหานคร :^bสุวีริยาสาส์น,^c2555
300    ^a96 หน้า
650  0 ร่างกาย
700 0  อรพิน ยงวัฒนา.;^eแปล
945    ^p300^l0^i20997
945    ^p300^l0^i20998
945    ^p300^l0^i20999
945    ^p300^l0^i21000
945    ^p300^l0^i21001
945    ^p300^l0^i21002
945    ^p300^l0^i21003
945    ^p300^l0^i21004
999    ^aทศพร เกษรทอง
รายการนี้ยังไม่มีแท็ก
คุณยังไม่ได้ล็อกอิน คุณสามารถมีกิจกรรมร่วมกับเว็บไซต์ได้ แต่ต้องล็อกอินก่อน ::
  ล็อกอิน

รายการสื่อสารสนเทศ

ลำดับที่ ประเภท เลขเรียก/บาร์โค้ด สถานที่ สถานะ
1. วิทยาศาสตร์การแพทย์ และสุขภาพ
วิทยาศาสตร์การแพทย์ และสุขภาพ
สถานะ=หนังสือเก่า
QS4 อ334ร ฉ.1 
  Barcode: 20997
ห้องสมุดวิทยาเขตนครสวรรค์
►ส่วนจัดเก็บหนังสือเก่า นว.
บนชั้น
  ขอยืม
2. วิทยาศาสตร์การแพทย์ และสุขภาพ
วิทยาศาสตร์การแพทย์ และสุขภาพ
สถานะ=หนังสือเก่า
QS4 อ334ร ฉ.2 
  Barcode: 20998
ห้องสมุดวิทยาเขตนครสวรรค์
►ส่วนจัดเก็บหนังสือเก่า นว.
บนชั้น
  ขอยืม
3. วิทยาศาสตร์การแพทย์ และสุขภาพ
วิทยาศาสตร์การแพทย์ และสุขภาพ
สถานะ=หนังสือเก่า
QS4 อ334ร ฉ.3 
  Barcode: 20999
ห้องสมุดวิทยาเขตนครสวรรค์
►ส่วนจัดเก็บหนังสือเก่า นว.
บนชั้น
  ขอยืม
4. วิทยาศาสตร์การแพทย์ และสุขภาพ
วิทยาศาสตร์การแพทย์ และสุขภาพ
สถานะ=หนังสือเก่า
QS4 อ334ร ฉ.4 
  Barcode: 21000
ห้องสมุดวิทยาเขตนครสวรรค์
►ส่วนจัดเก็บหนังสือเก่า นว.
บนชั้น
  ขอยืม
5. วิทยาศาสตร์การแพทย์ และสุขภาพ
วิทยาศาสตร์การแพทย์ และสุขภาพ
สถานะ=หนังสือเก่า
QS4 อ334ร ฉ.5 
  Barcode: 21001
ห้องสมุดวิทยาเขตนครสวรรค์
►ส่วนจัดเก็บหนังสือเก่า นว.
บนชั้น
  ขอยืม
6. วิทยาศาสตร์การแพทย์ และสุขภาพ
วิทยาศาสตร์การแพทย์ และสุขภาพ
สถานะ=หนังสือเก่า
QS4 อ334ร ฉ.6 
  Barcode: 21002
ห้องสมุดวิทยาเขตนครสวรรค์
►ส่วนจัดเก็บหนังสือเก่า นว.
บนชั้น
  ขอยืม
7. วิทยาศาสตร์การแพทย์ และสุขภาพ
วิทยาศาสตร์การแพทย์ และสุขภาพ
สถานะ=หนังสือเก่า
QS4 อ334ร ฉ.7 
  Barcode: 21003
ห้องสมุดวิทยาเขตนครสวรรค์
►ส่วนจัดเก็บหนังสือเก่า นว.
บนชั้น
  ขอยืม
8. วิทยาศาสตร์การแพทย์ และสุขภาพ
วิทยาศาสตร์การแพทย์ และสุขภาพ
สถานะ=หนังสือเก่า
QS4 อ334ร ฉ.8 
  Barcode: 21004
ห้องสมุดวิทยาเขตนครสวรรค์
►ส่วนจัดเก็บหนังสือเก่า นว.
บนชั้น
  ขอยืม

รายการใกล้เคียง
    ผู้แต่ง [Cristina vilella]

    หัวเรื่อง [ร่างกาย]

BibComment


ยังไม่เคยถูกคอมเมนท์

คอมเมนท์ทรัพยากรรายการนี้
  คอมเมนท์: Grand atlas of h..


 Copyright 2026. Bcnsprnw @Library